00602 2200193 4500245005900000020002200059250001100081100002900092700001900121700001300140650001600153005001900169260002700188041001400215084001100229300002200240500013700262336000900399 aThe Ghost in My SchoolcBerliana Putri MuliatamahText a978-602-242-306-5 aCet. 4 aBerliana Putri Muliatama aDadan Ramadhan aAan Diha aNovel Fiksi a20230926131239 aBandungbBandungc2014 aIndonesia a808.83 a132 hlm. :cilus. aPentas Seni gagal dilaksanakan! Kacau! Benar-benar kacau! Tiba-tiba muncul desa-desus,penyebab mati lampu disekolah itu adalah hantu atext